| 000 | 003450000a22001090004500 | ||
|---|---|---|---|
| 090 |
_aAS _bSeriadas |
||
| 245 | 1 | 0 | _aIdentidad de Ariaria superba cuervo Márquez (<Caesalpiniaceae-Bauhiniae>) |
| 041 | 0 | _aEspañol | |
| 100 | 1 |
_aForero González, Enrique _999558 |
|
| 942 | _cARTICULO | ||
| 773 | 1 |
_tMutisia: Acta Botánica Colombiana _3893 _h30 _q1-6 _d1966 |
|
| 999 |
_c15263 _d15263 |
||